Computational Methods for Fluid Dynamics: Fourth Edition /
Enregistré dans:
| Auteurs principaux: | , , |
|---|---|
| Format: | Livre |
| Langue: | anglais |
| Publié: |
Cham:
Springer Nature Switzerland,
2020
|
| Édition: | 4. vyd. |
| Sujets: | |
| Tags: |
Pas de tags, Soyez le premier à ajouter un tag!
|
MARC
| LEADER | 00000nam a22000003a 4500 | ||
|---|---|---|---|
| 001 | 0076990 | ||
| 003 | SK-STU | ||
| 005 | 20191028102547.0 | ||
| 007 | ta | ||
| 008 | 191028s ----xo-----e------000-0-----d | ||
| 020 | |a 978-3-319-99691-2 | ||
| 040 | |a STU |b slo | ||
| 041 | 0 | |a eng |h eng | |
| 044 | |a sz | ||
| 100 | 1 | |a Ferziger, Joel H. |4 aut | |
| 245 | 1 | 0 | |a Computational Methods for Fluid Dynamics: |b Fourth Edition / |c aut. Joel H Ferziger, Milovan Perič, Robert L Street |
| 250 | |a 4. vyd. | ||
| 260 | |a Cham: |b Springer Nature Switzerland, |c 2020 | ||
| 300 | |a 596 s. | ||
| 650 | 0 | 7 | |a fluid flow |
| 650 | 0 | 7 | |a numerical methods |
| 650 | 0 | 7 | |a finite difference method |
| 650 | 0 | 7 | |a linear equation systems |
| 650 | 0 | 7 | |a complex geometries |
| 700 | 1 | |a Perič, Milovan |4 aut | |
| 700 | 1 | |a Street, Robert L. |r Z6 |4 aut | |
| 996 | |c V* 52931/O-24088 |l VV11 |s P |a 0 |w 0076990_0001 | ||